|
|
|
|
| LEADER |
00000nam a2200000 a 4500 |
| 001 |
vtls001481404 |
| 003 |
SK-MaSNL |
| 005 |
20260302073636.0 |
| 008 |
251113s2002 xo a 0 hun |
| 015 |
|
|
|a SNBE2004/04-01927
|
| 020 |
|
|
|a 8080563713
|
| 035 |
|
|
|a SNK000436701
|
| 040 |
|
|
|a SNK
|b slo
|c SNK
|e AACR2
|
| 043 |
|
|
|a e-xo---
|
| 044 |
|
|
|a xo
|c SK
|
| 072 |
|
7 |
|a 72
|2 konspekt
|
| 080 |
|
|
|a 726.54:272
|2 1981
|
| 080 |
|
|
|a (437.61)
|2 1981
|
| 080 |
|
|
|a (036)
|2 1981
|
| 080 |
|
|
|a 726.54(437.61)(083.9)=511.141
|2 2. slo
|
| 080 |
|
|
|a 908(437.61)
|2 2. slo
|
| 245 |
1 |
|
|a Deáki
|b Szűz Mária templom
|c [autor textu: Mikuláš Bašo, Ján Štibrányi]
|
| 250 |
|
|
|a [1. kiad.]
|
| 260 |
|
|
|a Komárom
|b KT
|c 2002
|
| 300 |
|
|
|a 16 s.
|b fotogr.
|c 17 cm
|
| 490 |
1 |
|
|a Honismereti Kiskönyvtár
|v sz. 184
|
| 500 |
|
|
|a Súbež. tir. slov.
|
| 500 |
|
|
|a Názov z obalu
|
| 504 |
|
|
|a Bibliografia s. 16
|
| 610 |
2 |
7 |
|a Kostol Panny Márie (Diakovce, Slovensko)
|2 SNK
|9 32649
|
| 611 |
1 |
7 |
|a Kostol Panny Márie
|a Diakovce, Slovensko
|x spravodaje informačné
|2 SNK
|9 738306
|
| 650 |
0 |
7 |
|a katolícke kostoly
|z Slovensko
|2 SNK
|9 68122
|
| 650 |
0 |
7 |
|a architektúra
|2 konspekt
|9 722
|
| 651 |
|
7 |
|a 405
|2 SNK
|9 298699
|
| 651 |
|
7 |
|a Diakovce (Slovensko)
|2 SNK
|9 69706
|
| 655 |
|
7 |
|a informačné publikácie
|2 SNK
|9 70181
|
| 655 |
|
7 |
|a informačné publikácie
|2 SNK
|9 70181
|
| 700 |
1 |
|
|a Bašo, Mikuláš,
|d 1929-2013
|4 akp
|9 211987
|
| 700 |
1 |
|
|a Štibrányi, Ján,
|d 1953-
|4 akp
|9 37206
|
| 830 |
|
0 |
|a Honismereti Kiskönyvtár
|9 276527
|
| 919 |
|
|
|a 80-8056-371-3
|
| 958 |
|
|
|a NB
|
| 999 |
|
|
|c 1161775
|d 1163705
|
| 952 |
|
|
|t P60, <03>, [BOOK], {603}
|a SNK
|b SNK
|y PREZ
|7 0
|p 17A0442854
|o snkOSD 8810
|i snkKSP 11874/2004
|0 0
|1 0
|4 0
|d 2004-09-09
|l 0
|r 2005-01-02 00:00:00
|w 2026-02-24
|
| 952 |
|
|
|t P60, <04>, [BOOK], {604}
|a SNK
|b SNK
|y VYP
|7 0
|p 17A0442855
|o snkOSD 8810 D1
|i snkKSP 11875/2004
|0 0
|1 0
|4 0
|d 2004-09-09
|l 0
|r 2005-01-02 00:00:00
|w 2026-02-24
|